000
00336nam a2200145Ia 4500
003
OSt
005
20240219142732.0
008
170523s9999 xx 000 0 und d
020
_a
978-0070218079
040
_c
iimt university meerut
100
_a
FRANCIS- JECK CLARK
245
0
_a
INVESTMENTS
260
_b
MC GRAW HILL
942
_2
ddc
_c
02
999
_c
488
_d
488